[Event "San Luis Betania op 3rd"]
[Site "San Luis"]
[Date "2019.02.01"]
[Round "2"]
[White "Mizzau, Pablo"]
[Black "Martin, Cristian"]
[Result "1-0"]
[WhiteElo "2200"]
[BlackElo "1916"]
[PlyCount "89"]
[EventDate "2019.02.01"]
[EventType "swiss"]
[EventRounds "6"]
[EventCountry "ARG"]
[SourceTitle "EXT 2020"]
[Source "ChessBase"]
[SourceDate "2019.10.17"]
[SourceVersion "1"]
[SourceVersionDate "2019.10.17"]
[SourceQuality "1"]

1. e4 e5 2. Nf3 Nf6 3. Bc4 Nc6 4. d3 Be7 5. 0-0 d6 6. c3 a6 7. Bb3 0-0 8. Re1 b6 9. Nbd2 Re8 10. h3 Bf8 11. d4 Bd7 12. a4 b5 13. d5 Na5 14. Bc2 c5 15. b4 cxb4 16. cxb4 Nc4 17. Nxc4 bxc4 18. Bb2 Rb8 19. Bc3 Qc8 20. Nd2 Qc7 21. Qe2 Rec8 22. Rf1 g6 23. f4 Nh5 24. fxe5 dxe5 25. Qf2 Nf4 26. Nf3 f6 27. Kh2 Bxb4 28. Bxb4 Rxb4 29. Ne1 Rf8 30. Qd2 Qd6 31. g3 Nxh3 32. Qh6 Kf7 33. Qxh7+ Ke8 34. Qxg6+ Kd8 35. Ra2 Ng5 36. Ng2 Bh3 37. Rf2 Qb6 38. Bd1 Rb1 39. Qg7 Rf7 40. Qg8+ Ke7 41. Bh5 Bd7 42. Nh4 Qd4 43. d6+ Qxd6 44. Rad2 Qe6 45. Ng6# 1-0

[Event "ARG-ch sf U2300 Independencia"]
[Site "San Luis"]
[Date "2016.07.09"]
[Round "3.3"]
[White "Martin, Cristian"]
[Black "Valverde, Ezequiel"]
[Result "0-1"]
[WhiteElo "1952"]
[BlackElo "2009"]
[PlyCount "110"]
[EventDate "2016.07.08"]
[EventType "swiss"]
[EventRounds "7"]
[EventCountry "ARG"]
[SourceTitle "EXT 2024"]
[Source "ChessBase"]
[SourceDate "2023.10.10"]
[SourceVersion "1"]
[SourceVersionDate "2023.10.10"]
[SourceQuality "1"]

1. Nf3 Nf6 2. c4 g6 3. Nc3 Bg7 4. d4 0-0 5. e4 d6 6. Be2 Nbd7 7. 0-0 e5 8. Re1 Ne8 9. Bf1 h6 10. dxe5 Nxe5 11. Nd4 f5 12. exf5 Bxf5 13. Nxf5 Rxf5 14. Re4 Nf6 15. Rf4 Qd7 16. Nd5 Nxd5 17. Qxd5+ Kh7 18. Bd3 Nxd3 19. Qxd3 Bxb2 20. Rxf5 Bxa1 21. Rf3 Re8 22. Be3 Bg7 23. h4 Re5 24. c5 Qe7 25. cxd6 cxd6 26. Rg3 Qe6 27. Kh2 Rf5 28. Kg1 Be5 29. Rg4 Qxa2 30. f4 Qa1+ 31. Kh2 Qc3 32. Qe2 h5 33. Rg5 Rxf4 34. Bxf4 Bxf4+ 35. g3 Bxg5 36. hxg5 Qe5 37. Qf3 Qe7 38. Qd5 b6 39. Qb5 Qb7 40. Qe8 d5 41. Qf8 Qg7 42. Qf3 d4 43. Kg2 b5 44. g4 Qe7 45. Qd5 hxg4 46. Kg3 b4 47. Qh1+ Kg8 48. Qd5+ Qf7 49. Qa8+ Kg7 50. Kxg4 b3 51. Qd8 d3 52. Qd4+ Kh7 53. Qb2 Qf5+ 54. Kh4 Qf4+ 55. Kh3 Qf3+ 0-1